Тест на общие знания №4 - Statistics

General Stats
  • This quiz has been taken 87 times
  • The average score is 9 of 20
Answer Stats
Вопрос Ответ % Correct
Если радиус окружности равен 4, чему равен её диаметр? 8
83%
Какая часть тела поражается при циррозе? печень
80%
Что изучает микология? грибы
76%
Каким словом называются и математическая кривая, и речевой оборот? гипербола
64%
Что хранится в колчане? стрелы
62%
Продолжите фразу: "С щитом или ..." на щите
55%
Как называется масса, равная 16,38 кг? пуд
53%
В честь какого персонажа древнегреческой мифологии назван фразеологизм, означающий бесполезную, ни к чему не ведущую работу? Сизиф
48%
В каком городе, согласно Библии, родился Иисус Христос? Вифлеем
47%
Какой персонаж воевал во Вьетнаме, продавал креветок и непрерывно бежал три года? Форрест Гамп
47%
Где говорят на валлийском языке? Уэльс
39%
Что проходит через Гринвич? Нулевой меридиан
39%
Какой язык, на котором говорят около 100 тыс. человек по всему миру, придумал Джон Рональд Руэл Толкин? эльфийский
35%
Какой элемент был открыт Марией Кюри и назван в честь страны её происхождения? полоний
33%
Правитель какой страны женился на американской киноактрисе Грейс Келли? Монако
29%
В каком городе вы можете найти памятники, посвящённые Гене Букину, Майклу Джексону, клавиатуре, The Beatles, кухонной тёрке и сантехнику Афоне? Екатеринбург
27%
Кто окончательно вымер 3-4 тыс. лет назад на острове Врангеля? шерстистые мамонты
27%
Кто после премьеры пьесы "Ревизор" сказал: "Ну пьеска! Всем досталось, а мне - более всех!"? Николай I
18%
Как называется этот символ ∞? лемниската
8%
Чем занимается золотарь? очистка выгребных ям
6%
No matching quizzes found
Score Distribution
Percent of People with Each Score
Percentile by Number Answered
Your Score History
You have not taken this quiz